000
00199 a2200097 4500
020
_a
9780844293417
041
_a
eng
100
_a
Raymond L Gorden
245
_a
Living in Latin American
942
_c
BK
999
_c
27723
_d
27723